000 03398cam a2201189 4500
003 PE-LiUPU
005 20250813185614.0
020 _a8480550570
035 _a(Sirsi) i9788480550574
035 _a(Sirsi) 47730
035 _a(Sirsi) 47730
082 0 4 _a333.72
_bC
110 _aCultural, S.A. de Ediciones
245 _aMedio ambiente :
_bpreservación de la naturaleza /
_cCultural, S.A. de Ediciones.
264 1 _aMóstoles, Madrid :
_bCultural,
_c2006
300 _a112 páginas :
_bilustraciones ;
_c34 cm.
_e03 CD-ROM
505 0 _aEl mar -- El agua dulce -- Atmósfera -- Fuentes de energía -- Entorno ¿Una despensa inagotable? -- Ecosistema urbano -- Parques naturales y reservas de la biosfera -- Biodiversidad -- Ecología humana.
526 _aP202
526 _aP201
526 _aP163
526 _aP162
526 _aP161
526 _aP160
526 _aP148
526 _aP147
526 _aP146
526 _aP145
526 _aP144
526 _aP143
526 _aP142
526 _aP141
526 _aP140
526 _aP139
526 _aP138
526 _aP137
526 _aP136
526 _aP135
526 _aP134
526 _aP133
526 _aP129
526 _aP128
526 _aP127
526 _aP120
526 _aP119
526 _aP118
526 _aP116
526 _aP115
526 _aP114
526 _aP110
526 _aP109
526 _aP108
526 _aP104
526 _aP103
526 _aP102
526 _aP99
526 _aP98
526 _aP97
526 _aP96
526 _aP95
526 _aP93
526 _aP90
526 _aP89
526 _aP88
526 _aP83
526 _aP82
526 _aP62
526 _aP59
526 _aP58
526 _aP57
526 _aP51
526 _aP49
526 _aP48
526 _aP47
526 _aP29
526 _aP24
526 _aP20
526 _aP19
526 _aP17
526 _aP15
526 _aP14
526 _aP12
526 _aP10
526 _aP09
526 _aP08
526 _aP07
526 _aP06
526 _aP05
526 _aP04
526 _aP01
610 _aCultural, S.A. de Ediciones
650 1 4 _aMedio ambiente
_xProtección
942 _2ddc
_cBOOK
949 _a333.72 C
_i65507
_lCCODEBUL1
_mBUL
_tLIBRO
_o.STAFF. Colección General
859 _q65507
_h333.72
_iC
910 _agl
_bjv
_cng
_d20121009
596 _a1 3
999 _a333.72 C
_wDEWEY
_c53992
_i65507
_d53992
_e2017-3-13
_f2021-11-9
_g7
_lCCODEBUL1
_mBUL
_n1
_p12.00
_r0
_sY
_tBOOK
_u2015-7-6
_xINGENIERIA
_PP24
_0COMPRA
_o.STAFF. Colección General
999 _a333.72 C
_wDEWEY
_c2
_i69112
_d2019-6-5
_e2019-6-3
_f2021-11-9
_g7
_lCCODEBUL1
_mBUL
_n6
_p12.00
_q1
_r0
_sY
_tBOOK
_u2015-7-6
_xINGENIERIA
_PP24
_0COMPRA
_o.STAFF. Colección Ingenieria y Arquitectura
999 _a333.72 C
_wDEWEY
_c3
_i69113
_d2019-5-31
_f2021-11-9
_g7
_lCCODEBUL1
_mBUL
_p12.00
_q2
_r0
_sY
_tBOOK
_u2015-7-6
_xINGENIERIA
_PP24
_0COMPRA
_o.STAFF. Colección Ingenieria y Arquitectura
999 _a504.06 C94 2007
_wDEWEY
_c1
_iFJ05578
_d2019-6-4
_e2019-5-30
_f2022-1-19
_g4
_lCCODEBUJ1
_mBUJ
_n1
_p10.00
_q2
_r0
_sY
_tBOOK
_u2017-1-18
_xINGENIERIA
_PP24
_0COMPRA
_o.STAFF. Colección General Juliaca
980 _81
_gALBERTO SANCHEZ Responsable de Automatización